Vocabulaire des sentiments et traits de personnalité en allemand - Statistiques

Statistiques générales
  • Ce quiz a été pris 18 fois
  • Le résultat moyen est 3 sur 20
Statistiques - réponses
Hint Réponse % Correct
lâche feige
100%
cruel grausam
100%
curieux neugierig
100%
timide schüchtern
100%
poli höflich
50%
méfiant misstrauisch
50%
innocent unschuldig
50%
en colère zornig
50%
inquiet, anxieux ängstlich
0%
ouvert d'esprit aufgeschlossen
0%
enthousiasmé (par) begeistert (von+D)
0%
modeste bescheiden
0%
inquiet, soucieux besorgt
0%
en colère, méchant böse
0%
reconnaissant (envers) dankbar (+D)
0%
jaloux (de) eifersüchtig (auf+A)
0%
sensible empfindlich
0%
découragé entmutigt
0%
horrifié entsetzt
0%
déçu (par) enttäuscht (von+D)
0%
surpris, étonné erstaunt
0%
courageux, assidu fleissig
0%
insolent frech
0%
aimable (envers) freundlich (zu+D)
0%
content froh
0%
peureux furchtsam
0%
patient geduldig
0%
obéissant gehorsam
0%
méchant gemein
0%
ému (par) gerührt (von+D)
0%
indifférent gleichgültig
0%
généreux grosszügig
0%
opiniâtre hartnäckig
0%
serviable hilfsbereit
0%
plein d'espoir hoffnungsvoll
0%
ridicule lächerlich
0%
insouciant leichtsinnig
0%
passionné leidenschaftlich
0%
envieux (de) neidisch (auf+A)
0%
sans égards rücksichtslos
0%
plein d'égards, attentionné rücksichtsvoll
0%
coupable schuldig
0%
plein de désir/regret sehnsüchtig
0%
plein d'assurance selbstbewusst
0%
sûr de soi selbstsicher
0%
insouciant sorglos
0%
moqueur spöttisch
0%
fier (de) stolz (auf+A)
0%
triste traurig
0%
surpris überrascht
0%
ingrat undankbar
0%
désagréable unfreundlich
0%
impatient ungeduldig
0%
mal élevé unhöflich
0%
insatisfait unzufrieden
0%
responsable (de) verantwortlich (für+A)
0%
gêné, embarrassé verlegen
0%
amoureux (de) verliebt (in+A)
0%
raisonnable vernünftig
0%
compréhensif verständnisvoll
0%
étonné verwundert
0%
désespéré verzweifelt
0%
prudent vorsichtig
0%
furieux wütend
0%
content (de) zufrieden (mit+D)
0%
confiant zuversichtlich
0%
Aucun quiz correspondant
Distribution des résultats
% des personnes avec chaque résultat
Percentile par nombre de réponses
Votre historique - résultats
Vous n’avez pas pris ce quiz